| 000 | 00836nam a2200205 i 4500 | ||
|---|---|---|---|
| 001 | 141978 | ||
| 003 | ES-MaACL | ||
| 005 | 20230906200420.0 | ||
| 007 | t| | ||
| 008 | 071001s1973 sp |||| | spa d | ||
| 111 | 2 |
_aConversaciones Internacionales de Cine ( _n13º. _d1972. _cValladolid) _9596 |
|
| 245 | 1 | 0 |
_aAndrzej Wajda, testigo y conciencia de una generación / _cA. Pelayo ... [et al.] ; XIII Conversaciones Internacionales de Cine. Valladolid, 1972. |
| 260 |
_aValladolid : _bSemana Internacional de Cine, _c[1973] |
||
| 300 |
_a144 p. : _bil. ; _c20 cm. |
||
| 600 | 1 | 4 |
_aWajda, Andrzej. _9115882 |
| 650 | 1 | 4 |
_aCine- _vCongresos y asambleas. _911019 |
| 700 | 1 |
_aPelayo, Antonio. _990022 |
|
| 711 | 2 |
_aSemana Internacional de Cine de Valladolid-Valores Religiosos y Humanos ( _n17. _d1972) _91017 |
|
| 852 |
_aES-MaACL _jC-53456 |
||
| 999 |
_c141978 _d141978 |
||